| 000 | 00687nam a22002057a 4500 | ||
|---|---|---|---|
| 005 | 20240530110927.0 | ||
| 008 | 220221s1998 ua c g b 000 0 ara d | ||
| 017 | _bمصر. دار الكتب | ||
| 040 |
_aEG-CaGPL _cEG-CaGPL |
||
| 082 | 0 | 4 |
_221 _a910.41 / _bم ر |
| 100 | 0 | _aمحمد عبداللاه | |
| 245 | 0 | 1 |
_aرحلات ابن عبداللاه / _cمحمد عبداللاه |
| 260 |
_aالقاهرة : _bالهيئة المصرية العامة للكتاب، _c1998 |
||
| 300 |
_a245 ص؛ _c20 سم |
||
| 650 | 0 | 7 |
_aادب الرحلات _2qrmak |
| 650 | 0 | 7 |
_aالتراجم _2qrmak |
| 651 | _2qrmak | ||
| 942 |
_2ddc _cBK |
||
| 999 |
_c66586 _d66586 |
||